Το επάγγελμα του ψηφοθέτη κατά την όψιμη αρχαιότητα : 3ος-7ος αιώνας
Saved in:
| Main Author: | |
|---|---|
| Format: | Book |
| Language: | Greek |
| Published: |
Αθήνα :
Ιδρυμα Γουλανδρή-Χορν,
1993
|
| Series: | Οψεις της βυζαντινής κοινωνίας ;
; 11 |
| Subjects: | |
| Tags: |
Add Tag
No Tags, Be the first to tag this record!
|
MARC
| LEADER | 00000nam a2200000 i 4500 | ||
|---|---|---|---|
| 001 | 1/99976 | ||
| 008 | 950406s1993 gre d | ||
| 020 | |a 960-7079-18-3 | ||
| 035 | |l 10011515 | ||
| 040 | |a GR-MY-UA |b gre |e aacr | ||
| 041 | 0 | |a gre | |
| 082 | 0 | |a 738.509 | |
| 100 | 1 | |a Ασημακοπούλου-Ατζακά, Παναγιώτα Ι. | |
| 245 | 1 | 3 | |a Το επάγγελμα του ψηφοθέτη κατά την όψιμη αρχαιότητα : |b 3ος-7ος αιώνας / |c Π. Ασημακοπούλου-Ατζακά |
| 260 | |a Αθήνα : |b Ιδρυμα Γουλανδρή-Χορν, |c 1993 | ||
| 300 | |a 77 σ. | ||
| 490 | 1 | |a Οψεις της βυζαντινής κοινωνίας |v ; 11 | |
| 650 | 0 | 0 | |a Mosaicists |x History. |
| 830 | 0 | |a Οψεις της βυζαντινής κοινωνίας ; |v ; 11 | |
| 852 | |a INST |b LESVOS |e 19950406 |h 738.509 ΑΣΗ |p 005100006402 |q 005100006402 |t BK |y 0 | ||
| 909 | |a Λ |b 035335 | ||
| 922 | |a 1ΕΛΗ |b 199405 |c ΚΙΟΥΣΟΠΟΥΛΟΥ | ||